<?xml version="1.0" encoding="UTF-8"?>
<record
    xmlns:xsi="http://www.w3.org/2001/XMLSchema-instance"
    xsi:schemaLocation="http://www.loc.gov/MARC21/slim http://www.loc.gov/standards/marcxml/schema/MARC21slim.xsd"
    xmlns="http://www.loc.gov/MARC21/slim">

  <leader>03201cam a22002533a 4500</leader>
  <controlfield tag="001">20050</controlfield>
  <controlfield tag="003">PGUSA</controlfield>
  <controlfield tag="005">20140828083426.0</controlfield>
  <controlfield tag="008">061209s2006||||xxu|||||s|||||000 | eng d</controlfield>
  <datafield tag="040" ind1=" " ind2=" ">
    <subfield code="a">PGUSA</subfield>
    <subfield code="b">eng</subfield>
  </datafield>
  <datafield tag="042" ind1=" " ind2=" ">
    <subfield code="a">dc</subfield>
  </datafield>
  <datafield tag="050" ind1=" " ind2="4">
    <subfield code="a">GR</subfield>
  </datafield>
  <datafield tag="050" ind1=" " ind2="4">
    <subfield code="a">PT</subfield>
  </datafield>
  <datafield tag="100" ind1="1" ind2=" ">
    <subfield code="a">Grimm, Wilhelm,</subfield>
    <subfield code="d">1786-1859</subfield>
  </datafield>
  <datafield tag="245" ind1="1" ind2="0">
    <subfield code="a">M&#xE4;rchen der Gebr&#xFC;der Grimm 1</subfield>
    <subfield code="h">[electronic resource] /</subfield>
    <subfield code="c">Wilhelm Grimm</subfield>
  </datafield>
  <datafield tag="260" ind1=" " ind2=" ">
    <subfield code="b">Project Gutenberg,</subfield>
    <subfield code="c">2006</subfield>
  </datafield>
  <datafield tag="505" ind1="0" ind2=" ">
    <subfield code="a"># 114 Die Erbsenprobe - 00:05:13 -- Read by: Rainer -- -- # 120 Die Haselrute - 00:01:43 -- Read by: Rainer -- -- # 122 Die Korn&#xE4;hre - 00:01:52 -- Read by: Rainer -- -- # 123 Die Kristallkugel - 00:06:55 -- Read by: Rainer -- -- # 124 Die Lebenszeit - 00:04:18 -- Read by: Rainer -- -- # 126 Die Nixe im Teich - 00:13:15 -- Read by: Stefan Schmelz -- -- # 130 Die Schlickerlinge - 00:01:40 -- Read by: Rainer -- -- # 131 Die Scholle - 00:02:03 -- Read by: Rainer -- -- # 132 Die Sterntaler - 00:02:26 -- Read by: Rainer -- -- # 134 Die Wassernixe - 00:02:26 -- Read by: Rainer -- -- # 135 Die Wichtelm&#xE4;nner - 00:03:47 -- Read by: Felix -- -- # 144 Drei M&#xE4;nnlein im Walde - 00:12:51 -- Read by: Stephan Gambke -- -- # 145 Drei Schlangenbl&#xE4;tter - 00:08:23 -- Read by: Stephan Gambke -- -- # 146 Drei Spinnerinnen - 00:05:55 -- Read by: Stephan Gambke -- -- # 148 Die drei gr&#xFC;nen Zweige - 00:06:44 -- Read by: Rainer -- -- # 160 Die sieben Raben - 00:06:37 -- Read by: Oliver Lucas -- -- # 163 Die ungleichen Kinder Evas - 00:05:35 -- Read by: Rainer -- -- # 166 Die wei&#xDF;e Schlange - 00:09:45 -- Read by: Stephan Gambke -- -- # 171 Die zw&#xF6;lf Br&#xFC;der - 00:11:57 -- Read by: Stephan Gambke -- -- # 180 Frau Holle - 00:06:08 -- Read by: Felix -- -- # 185 H&#xE4;nsel und Gretel - 00:16:30 -- Read by: Stephan Gambke -- -- # 188 Hans im Gl&#xFC;ck - 00:13:23 -- Read by: Oliver Lucas -- -- # 191 Jorinde und Joringel - 00:06:29 -- Read by: Felix -- -- # 193 K&#xF6;nig Drosselbart - 00:09:12 -- Read by: Felix -- -- # 194 Katze und Maus in Gesellschaft - 00:06:41 -- Read by: Stephan Gambke -- -- # 200 F&#xFC;rchten lernen - 00:23:54 -- Read by: AliceG -- -- # 202 Meister Pfriem - 00:08:41 -- Read by: Stefan Schmelz -- -- # 203 Muttergottesgl&#xE4;schen - 00:01:31 -- Read by: Stefan Schmelz -- -- # 206 Rapunzel - 00:09:02 -- Read by: Stephan Gambke -- -- # 207 Rohrdommel und Wiedehopf - 00:02:04 -- Read by: Stefan Schmelz -- -- # 208 Rotk&#xE4;ppchen - 00:09:25 -- Read by: Oliver Lucas -- -- # 209 Rumpelstilzchen - 00:07:29 -- Read by: Stefan Schmelz -- -- # 210 Schneeweisschen und Rosenrot - 00:16:12 -- Read by: Stefan Schmelz -- -- # 214 Spindel, Weberschiffchen und Nadel - 00:07:17 -- Read by: Stefan Schmelz -- -- # 215 Strohhalm, Kohle und Bohne - 00:03:33 -- Read by: Stephan Gambke -- -- # 219 Vom Fischer und seiner Frau - 00:21:53 -- Read by: Stefan Schmelz -- -- # 220 Vom klugen Schneiderlein - 00:07:49 -- Read by: Stefan Schmelz -- -- # 222 Von dem M&#xE4;uschen, V&#xF6;gelchen und der Bratwurst - 00:04:23 -- Read by: Stephan Gambke</subfield>
  </datafield>
  <datafield tag="506" ind1=" " ind2=" ">
    <subfield code="a">Public domain in the USA.</subfield>
  </datafield>
  <datafield tag="516" ind1=" " ind2=" ">
    <subfield code="a">Electronic text</subfield>
  </datafield>
  <datafield tag="653" ind1=" " ind2=" ">
    <subfield code="a">Fairy tales -- Germany</subfield>
  </datafield>
  <datafield tag="830" ind1=" " ind2="0">
    <subfield code="a">Project Gutenberg</subfield>
    <subfield code="v">20050</subfield>
  </datafield>
  <datafield tag="856" ind1="4" ind2="0">
    <subfield code="u">http://www.gutenberg.org/ebooks/20050</subfield>
  </datafield>
  <datafield tag="942" ind1=" " ind2=" ">
    <subfield code="c">EB</subfield>
  </datafield>
  <datafield tag="999" ind1=" " ind2=" ">
    <subfield code="c">249305</subfield>
    <subfield code="d">249305</subfield>
  </datafield>
  <datafield tag="952" ind1=" " ind2=" ">
    <subfield code="0">0</subfield>
    <subfield code="1">0</subfield>
    <subfield code="4">0</subfield>
    <subfield code="a">GTB</subfield>
    <subfield code="b">GTB</subfield>
    <subfield code="d">2014-08-28</subfield>
    <subfield code="l">0</subfield>
    <subfield code="r">2014-08-28 00:00:00</subfield>
    <subfield code="w">2014-08-28</subfield>
    <subfield code="y">EB</subfield>
  </datafield>
</record>
